000
00315 a2200145 4500
001
155499
040
_c
Escola São Tomás de Aquino
100
_a
AMARAL, Emília
240
1
0
_a
Novas palavras
_l
por
245
1
0
_a
Novas palavras
300
_a
496
362
0
_a
2010
697
_a
Língua portuguesa
942
_c
BK
999
_c
155499
_d
155499